Emléktöredékek egy univerzális nagy íróról
Elmentve itt :
| Szerző: | |
|---|---|
| Adatforrás: | Meister |
| Forrásdokumentuma: | A Hét. - 46-47 sz., 1996, 6 p. |
| Nyelv: | magyar |
| Kulcsszavak: | irodalomtörténet művelődéstörténet SZÉKELY János |
| LEADER | 00416nab a2200145 i 4500 | ||
|---|---|---|---|
| 001 | bibPRO00006161 | ||
| 008 | 060524s1996 xx hun | ||
| 040 | |a Sz1 | ||
| 041 | |a hun | ||
| 100 | 1 | |a LENGYEL Balázs | |
| 245 | 1 | 0 | |a Emléktöredékek egy univerzális nagy íróról |c LENGYEL Balázs |
| 695 | |a irodalomtörténet | ||
| 695 | |a művelődéstörténet | ||
| 695 | |a SZÉKELY János | ||
| 773 | 0 | |t A Hét. - |g 46-47 sz., 1996, 6 p. | |